Trouve l'anime grâce au nom d'un personnage - Statistiques

Statistiques générales
  • Ce quiz a été pris 135 fois
  • Le résultat moyen est 6 sur 13
Statistiques - réponses
Personnage Réponse % Correct
Mito Hunter X Hunter
83%
Darui Naruto
74%
Gin One Piece
68%
Mickey Tokyo revengers
68%
Yuzu Bleach
67%
Bonyu Dragon Ball
38%
Naomi Misora death note
34%
Yoroi Musha My hero academia
33%
Orga Fairy tail
32%
Blast One punch man
32%
Mukago Demon slayer
29%
kitamura Toradora
4%
Kiku the quintessential quintuplets
0%
Aucun quiz correspondant
Distribution des résultats
% des personnes avec chaque résultat
Percentile par nombre de réponses
Votre historique - résultats
Vous n’avez pas pris ce quiz